000 01132nam a2200313 c 4500
003 BLK
005 20180420230441.0
008 180409b bul|||||r ||||||| ||bul||
010 _aKNG00112184000
020 _a2-09-033932-2
_bиздат.: CLE Intern.
040 _aBLK
041 _aFRE
_cBUL
080 _aФренски език - учебни предмети
_b373.3.016:811.133.1
_x(075.2)
_z373.3.016:811.133.1(075.2)
100 1 _aSamson, Colette
_eпърви автор
_923199
139 _aSamson, Colette
_bS 19
245 1 0 _aAlex et Zoe et compagnie
_bT. 1 -
_cColette Samson.
_nT. 3
_pLivre de l'eleve
257 _aFRA
260 Paris
_bCLE Intern.
_c2000-
380 _a3
650 4 _aФренски език - учебници за основни училища
_9242512
653 _aфренски език
653 _aучебници за основни училища
760 1 _aSamson, Colette
_d2003
_h72 c. : с ил.
_tT. 3 Livre de l'eleve
852 _aЦб ІІ 12557
856 4 _qpdf
_u
856 4 _qpdf
_u
942 _cKNG
_n0
944 _aCR
_c08.04.2004
_kТеодора_Стоянова
944 _aED
_c15.04.2004
_k
999 _c106915
_d106915